[Event "M.Chigorin Memorial 2017 "]
[Site "?????-?????????"]
[Date "2017.10.26"]
[Round "6"]
[Board "170"]
[White "Bushueva, Tatjana"]
[Black "Naryshkina, Irina"]
[Result "1/2-1/2"]
[WhiteElo "1737"]
[BlackElo "1382"]
[PlyCount "89"]
[EventDate "2017.10.21"]
[EventRounds "9"]
[EventCountry "RUS"]

1. e4 e5 2. Nf3 Nc6 3. Bb5 a6 4. Ba4 Nf6 5. O-O d6 6. d4 b5 7. Bb3 Nxd4 8. Nxd4
exd4 9. a4 Bd7 10. Qxd4 c5 11. Qd1 c4 12. Ba2 Be7 13. Qe2 O-O 14. b3 d5 15.
exd5 Nxd5 16. Bb2 Re8 17. Qd2 Nb6 18. a5 cxb3 19. cxb3 Nc8 20. Bd4 Bc6 21. Qc3
Qd5 22. f3 b4 23. Qb2 Bc5 24. Bxc5 Qxc5+ 25. Qf2 Qxa5 26. Rc1 Bb5 27. Nd2 Re2
28. Qd4 Ne7 29. Bb1 Qd8 30. Qxd8+ Rxd8 31. Ne4 f5 32. Ng3 Rb2 33. Nxf5 Nxf5 34.
Bxf5 Rdd2 35. Bh3 Bd7 36. Bxd7 Rxg2+ 37. Kh1 Rxh2+ 38. Kg1 Rhg2+ 39. Kh1 Rh2+
40. Kg1 Rbg2+ 41. Kf1 Rf2+ 42. Kg1 Rhg2+ 43. Kh1 Rh2+ 44. Kg1 Rhg2+ 45. Kh1
 1/2-1/2

[Event "M.Chigorin Memorial 2017 "]
[Site "?????-?????????"]
[Date "2017.10.26"]
[Round "6"]
[Board "171"]
[White "Tsarkov, Mikhail"]
[Black "Uspenskaya, Ksenia"]
[Result "1-0"]
[WhiteElo "1701"]
[BlackElo "1073"]
[PlyCount "91"]
[EventDate "2017.10.21"]
[EventRounds "9"]
[EventCountry "RUS"]

1. d4 d5 2. c4 c6 3. e3 Nf6 4. Nc3 Bf5 5. b3 e6 6. Nge2 Bb4 7. a3 Be7 8. Ng3
Bg6 9. Bd3 Nbd7 10. O-O O-O 11. Bb2 Rc8 12. f4 Nb6 13. c5 Nbd7 14. f5 exf5 15.
Nxf5 Re8 16. Qd2 b6 17. b4 Qc7 18. h3 Nh5 19. Nxe7+ Rxe7 20. Ne2 Rce8 21. Bxg6
hxg6 22. Rf3 Nhf6 23. Ng3 Ne4 24. Nxe4 Rxe4 25. Re1 b5 26. a4 a6 27. Ra1 Qb7
28. Qc3 Nf6 29. Qa3 Ra8 30. axb5 Qxb5 31. Qc3 Re7 32. Qa3 Rb7 33. Bc3 Ne4 34.
Be1 Qe2 35. Rf1 Qb5 36. Qa4 Rba7 37. h4 Nf6 38. Qd1 Re7 39. Ra3 Rea7 40. Qf3
Ne4 41. h5 a5 42. Rxa5 Rxa5 43. Qxf7+ Kh8 44. bxa5 Qe2 45. Qf3 Qd3 46. hxg6  1-0

[Event "M.Chigorin Memorial 2017 "]
[Site "?????-?????????"]
[Date "2017.10.26"]
[Round "6"]
[Board "172"]
[White "Khalilov, Emin"]
[Black "Klevets, Ksenia"]
[Result "0-1"]
[WhiteElo "1470"]
[BlackElo "1948"]
[PlyCount "120"]
[EventDate "2017.10.21"]
[EventRounds "9"]
[EventCountry "RUS"]

1. e4 c5 2. Nf3 Nc6 3. d4 cxd4 4. Nxd4 Nf6 5. Nc3 g6 6. Be3 Bg7 7. Bd3 d5 8.
Bb5 Bd7 9. exd5 Nb4 10. d6 exd6 11. Bxd7+ Qxd7 12. Ndb5 O-O 13. O-O a6 14. Nd4
Rac8 15. a3 Nc6 16. h3 Ne5 17. Nde2 Nc4 18. Bc1 Rfe8 19. b3 Ne4 20. bxc4 Nxc3
21. Nxc3 Bxc3 22. Rb1 Rxc4 23. Be3 d5 24. Qf3 b5 25. Rfd1 d4 26. Bd2 Qc6 27.
Qxc6 Rxc6 28. Bxc3 Rxc3 29. Rb3 Rxb3 30. cxb3 Rd8 31. Rd3 Kg7 32. f3 Kf6 33.
Kf2 Ke5 34. Rd2 Rc8 35. Re2+ Kd5 36. Rb2 Rc3 37. Ke2 Ke5 38. g3 d3+ 39. Kd2 Kd4
40. a4 b4 41. g4 f5 42. h4 Rc2+ 43. Rxc2 dxc2 44. Kxc2 Ke3 45. h5 Kxf3 46. hxg6
hxg6 47. gxf5 gxf5 48. Kd3 Kg3 49. Kc4 f4 50. Kxb4 f3 51. Ka5 f2 52. Kxa6 f1=Q+
53. Kb6 Qf6+ 54. Kb5 Qe5+ 55. Kc4 Qa5 56. b4 Qxa4 57. Kc5 Qa7+ 58. Kb5 Kf4 59.
Kc6 Qa6+ 60. Kc5 Ke5  0-1

[Event "M.Chigorin Memorial 2017 "]
[Site "?????-?????????"]
[Date "2017.10.26"]
[Round "6"]
[Board "173"]
[White "Mustafazade, Fikrat"]
[Black "Chagina, Ulyana"]
[Result "0-1"]
[WhiteElo "1466"]
[BlackElo "1571"]
[PlyCount "106"]
[EventDate "2017.10.21"]
[EventRounds "9"]
[EventCountry "RUS"]

1. d4 d5 2. c4 c6 3. e3 Nf6 4. Bd3 e5 5. Nc3 e4 6. Be2 Bd6 7. cxd5 cxd5 8. Bb5+
Bd7 9. Qb3 Bxb5 10. Qxb5+ Qd7 11. Bd2 O-O 12. Qxd7 Nbxd7 13. Nge2 a6 14. O-O
Nb6 15. b3 Rfc8 16. a4 Rc7 17. a5 Nc8 18. Na4 Rc2 19. Rfd1 Ne7 20. Nb6 Rd8 21.
Nc3 Bc7 22. Rac1 Rxc1 23. Rxc1 Bxb6 24. axb6 Rc8 25. Na4 Rxc1+ 26. Bxc1 Nd7 27.
Ba3 Kf8 28. Bd6 Ke8 29. Bc7 Nc6 30. Nc3 Nf6 31. Na4 Kd7 32. Nc5+ Kc8 33. Na4
Ne8 34. Bf4 Na5 35. Nc5 Nf6 36. b4 Nc6 37. Kf1 Nxb4 38. Ke2 Nd7 39. Na4 Nd3 40.
Bd6 Nf6 41. Bf8 g6 42. Nc3 Kd7 43. Bg7 Ne8 44. Bh8 Kc6 45. f3 f5 46. fxe4 fxe4
47. g3 Nb4 48. Kd2 Kxb6 49. Kc1 Kc6 50. Kb2 b5 51. Kb3 Nd3 52. Na2 a5 53. Nc3
Nf2  0-1

[Event "M.Chigorin Memorial 2017 "]
[Site "?????-?????????"]
[Date "2017.10.26"]
[Round "6"]
[Board "174"]
[White "Aslanov, Umid"]
[Black "Sviridov, Leon"]
[Result "1-0"]
[WhiteElo "1520"]
[BlackElo "1427"]
[PlyCount "71"]
[EventDate "2017.10.21"]
[EventRounds "9"]
[EventCountry "RUS"]

1. e4 e6 2. d4 d5 3. Nd2 dxe4 4. Nxe4 Nc6 5. Nf3 Be7 6. c3 Nf6 7. Bd3 b6 8. O-O
Bb7 9. Qc2 Nxe4 10. Bxe4 h6 11. Be3 Na5 12. Bxb7 Nxb7 13. Ne5 O-O 14. Qe2 Bg5
15. f4 Be7 16. f5 exf5 17. Rxf5 Nd6 18. Rf3 Bg5 19. Bxg5 Qxg5 20. Rg3 Qe7 21.
Qg4 f5 22. Qh5 Ne4 23. Rg6 Rf6 24. Qxh6 Rxg6 25. Qxg6 Rf8 26. Rf1 Qh4 27. Qe6+
Kh7 28. Ng6 Qg5 29. Nxf8+ Kh8 30. Ng6+ Kh7 31. Nf4 Nd2 32. Rf2 Ne4 33. Rf3 Nd2
34. Rh3+ Qh6 35. Qxf5+ Kg8 36. Rxh6  1-0

[Event "M.Chigorin Memorial 2017 "]
[Site "?????-?????????"]
[Date "2017.10.26"]
[Round "6"]
[Board "175"]
[White "Golovanskikh, Dmitriy"]
[Black "Petrova, Varvara"]
[Result "1-0"]
[WhiteElo "1471"]
[BlackElo "1362"]
[PlyCount "115"]
[EventDate "2017.10.21"]
[EventRounds "9"]
[EventCountry "RUS"]

1. e4 e5 2. Nf3 Nc6 3. Bb5 a6 4. Ba4 Nf6 5. O-O Be7 6. c3 Nxe4 7. Re1 Nc5 8.
Bxc6 dxc6 9. Nxe5 O-O 10. d4 Ne6 11. Be3 Bg5 12. Nd2 Bf6 13. Ndf3 Ng5 14. Nxg5
Bxg5 15. Qb3 Bf6 16. Rad1 Qe7 17. Bf4 Qd8 18. Re3 Bg5 19. Bxg5 Qxg5 20. Nxf7
Qd5 21. Qxd5 cxd5 22. Ne5 Bf5 23. Rde1 Rae8 24. Nf3 Bg6 25. Rxe8 Rxe8 26. Rxe8+
Bxe8 27. Ne5 Kf8 28. g3 Ke7 29. Kg2 Kf6 30. f4 Ke6 31. Kf3 Kf6 32. g4 g6 33.
Nd3 Bb5 34. Nb4 c6 35. Ke3 Ke6 36. Nd3 b6 37. b3 a5 38. a4 Ba6 39. Ne5 c5 40.
c4 Bb7 41. dxc5 bxc5 42. cxd5+ Bxd5 43. Nc4 Bxc4 44. bxc4 h6 45. Ke4 h5 46.
gxh5 gxh5 47. f5+ Kf6 48. h4 Kf7 49. Ke5 Ke7 50. f6+ Kf7 51. Kf5 Kf8 52. Kg6
Kg8 53. Kxh5 Kf7 54. Kg5 Kf8 55. Kg6 Kg8 56. f7+ Kf8 57. h5 Ke7 58. Kg7  1-0

[Event "M.Chigorin Memorial 2017 "]
[Site "?????-?????????"]
[Date "2017.10.26"]
[Round "6"]
[Board "176"]
[White "Shceglov, Mikhail"]
[Black "Ali, Ahad"]
[Result "0-1"]
[WhiteElo "1503"]
[BlackElo "1356"]
[PlyCount "50"]
[EventDate "2017.10.21"]
[EventRounds "9"]
[EventCountry "RUS"]

1. e4 d5 2. exd5 Qxd5 3. Nc3 Qa5 4. d4 Nf6 5. Bd2 c6 6. Bd3 Bg4 7. f3 Bh5 8.
Nge2 e6 9. Ne4 Qd8 10. c3 Nxe4 11. Bxe4 Nd7 12. Ng3 Bg6 13. Bf4 Nb6 14. Bxg6
hxg6 15. Ne4 Nd5 16. Bg3 Be7 17. Qe2 Bh4 18. Nd6+ Qxd6 19. O-O-O Bxg3 20. hxg3
Rxh1 21. Rxh1 O-O-O 22. Rh7 Qxg3 23. Rxg7 Qf4+ 24. Kb1 Qf6 25. Rh7 Rh8  0-1

[Event "M.Chigorin Memorial 2017 "]
[Site "?????-?????????"]
[Date "2017.10.26"]
[Round "6"]
[Board "177"]
[White "Koltsova, Alisa"]
[Black "Pogorelov, Boris"]
[Result "1/2-1/2"]
[WhiteElo "1378"]
[BlackElo "1484"]
[PlyCount "82"]
[EventDate "2017.10.21"]
[EventRounds "9"]
[EventCountry "RUS"]

1. d4 d5 2. c4 c6 3. cxd5 cxd5 4. Nf3 Nf6 5. Nc3 Nc6 6. Bf4 e6 7. e3 Bb4 8. a3
Be7 9. b3 Bd7 10. Bd3 Rc8 11. O-O O-O 12. Ne5 a6 13. Rc1 Be8 14. b4 Nxe5 15.
Bxe5 Bd6 16. Bxd6 Qxd6 17. Qb3 Bd7 18. Rc2 Rc7 19. Rfc1 Rfc8 20. Na4 Rxc2 21.
Rxc2 Rxc2 22. Qxc2 Bxa4 23. Qxa4 Qc7 24. Qc2 Qxc2 25. Bxc2 g6 26. Kf1 Kf8 27.
Ke2 Ke7 28. Kd2 Nd7 29. a4 b6 30. Bd3 Nb8 31. Kc3 Kd6 32. b5 a5 33. f3 Nd7 34.
g4 Ke7 35. e4 Kf6 36. h4 Ke7 37. e5 Kf8 38. g5 Ke7 39. f4 Kf8 40. Kd2 Ke7 41.
Ke3 Kf8  1/2-1/2

[Event "M.Chigorin Memorial 2017 "]
[Site "?????-?????????"]
[Date "2017.10.26"]
[Round "6"]
[Board "178"]
[White "Oskin, Iakov"]
[Black "Airapetyan, Anzhelika"]
[Result "1-0"]
[WhiteElo "1410"]
[BlackElo "1382"]
[PlyCount "137"]
[EventDate "2017.10.21"]
[EventRounds "9"]
[EventCountry "RUS"]

1. d4 Nf6 2. c4 e6 3. Nc3 Bb4 4. Qc2 d5 5. Bg5 Bxc3+ 6. Qxc3 c6 7. Nf3 h6 8.
Bh4 O-O 9. e3 Nbd7 10. Bd3 dxc4 11. Bxc4 Nb6 12. Bd3 Nbd7 13. e4 Qc7 14. Bg3
Qd8 15. O-O Qb6 16. Rac1 Re8 17. Bb1 Nf8 18. Bd6 Ng6 19. Qc2 Rd8 20. e5 Ne8 21.
Bc5 Qc7 22. Nh4 b6 23. Bd6 Nxd6 24. exd6 Qxd6 25. Nxg6 fxg6 26. Qxg6 Qxd4 27.
Rxc6 Ba6 28. Qxe6+ Kh8 29. Qg6 Bd3 30. Bxd3 Qxd3 31. Qxd3 Rxd3 32. Rfc1 Rad8
33. g3 Rd2 34. Rc8 Rxc8 35. Rxc8+ Kh7 36. Rc7 a5 37. b3 Rxa2 38. Rb7 Rb2 39.
Rxb6 a4 40. b4 a3 41. Ra6 a2 42. Kg2 g5 43. b5 Kg8 44. b6 Kf8 45. b7 Rxb7 46.
Rxa2 Rb3 47. Ra7 Ke8 48. Ra6 h5 49. Rh6 g4 50. Rxh5 Kf7 51. h3 gxh3+ 52. Kxh3
Kg6 53. Ra5 Rf3 54. Kg2 Rf6 55. f4 Rd6 56. Kh3 Rd8 57. Kg4 Rd3 58. Ra6+ Kf7 59.
f5 Rc3 60. Kh4 Rc5 61. Kg5 Rc3 62. Ra7+ Kf8 63. g4 Rc6 64. f6 Rc5+ 65. Kg6 Ke8
66. f7+ Kf8 67. Ra8+ Ke7 68. f8=Q+ Ke6 69. Qxc5  1-0

[Event "M.Chigorin Memorial 2017 "]
[Site "?????-?????????"]
[Date "2017.10.27"]
[Round "7"]
[Board "1"]
[White "Artemiev, Vladislav"]
[Black "Mikaelyan, Arman"]
[Result "1-0"]
[WhiteElo "2696"]
[BlackElo "2503"]
[PlyCount "149"]
[EventDate "2017.10.21"]
[EventRounds "9"]
[EventCountry "RUS"]

1. g3 Nf6 2. Bg2 d5 3. Nf3 g6 4. b3 Bg7 5. Bb2 O-O 6. c4 c6 7. O-O Nbd7 8. Qc2
Re8 9. cxd5 cxd5 10. Rc1 e5 11. Qc7 Qxc7 12. Rxc7 b6 13. Nc3 e4 14. Nd4 Bf8 15.
d3 a6 16. dxe4 dxe4 17. Rd1 Rb8 18. g4 h6 19. h4 Bd6 20. Ndb5 Bxc7 21. Nxc7 Rd8
22. g5 hxg5 23. hxg5 Nh7 24. Ba3 Bb7 25. Be7 Rdc8 26. Rxd7 Bc6 27. Rd1 Rxc7 28.
Bd6 Rbc8 29. Bxc7 Rxc7 30. Nxe4 Bxe4 31. Bxe4 Nxg5 32. Rd8+ Kg7 33. Bd3 Rc1+
34. Kg2 Ra1 35. a4 Ra3 36. Bc2 Ra2 37. Bd3 Rb2 38. Bxa6 Rxb3 39. Bb5 Ne6 40.
Rd7 Rb4 41. Ra7 Kf8 42. e3 Nc5 43. Bc6 Rb2 44. Bd5 Rd2 45. Rxf7+ Ke8 46. Bc4
Nxa4 47. Rf6 Nc3 48. Bb3 b5 49. Rc6 b4 50. Rb6 Rb2 51. Rxb4 Ke7 52. Kg3 Kf6 53.
Rb6+ Kg7 54. Rb7+ Kh6 55. f3 Ne2+ 56. Kg4 Nc1 57. Bd5 Rxb7 58. Bxb7 Nd3 59. Ba6
Nc5 60. Bc4 Nd7 61. Be6 Ne5+ 62. Kf4 Nd3+ 63. Ke4 Nc5+ 64. Kd5 Nd3 65. Ke4 Nc5+
66. Ke5 Kg7 67. Bc4 Nd7+ 68. Kd6 Nf6 69. e4 Nh5 70. e5 g5 71. e6 Kf6 72. e7 Ng7
73. Be6 Ne8+ 74. Kd7 Ng7 75. Bg4  1-0

[Event "M.Chigorin Memorial 2017 "]
[Site "?????-?????????"]
[Date "2017.10.27"]
[Round "7"]
[Board "2"]
[White "Triapishko, Alexandr"]
[Black "Moiseenko, Vadim"]
[Result "1/2-1/2"]
[WhiteElo "2508"]
[BlackElo "2543"]
[PlyCount "80"]
[EventDate "2017.10.21"]
[EventRounds "9"]
[EventCountry "RUS"]

1. e4 e5 2. Nf3 Nc6 3. Bb5 Nf6 4. d3 d6 5. O-O Be7 6. c3 O-O 7. Re1 Bg4 8. Nbd2
a6 9. Bxc6 bxc6 10. h3 Bh5 11. Nf1 Nd7 12. Ng3 Bxf3 13. Qxf3 Bg5 14. d4 Bxc1
15. Raxc1 Qg5 16. Rc2 g6 17. Nf1 a5 18. Qe3 Qf6 19. dxe5 Qxe5 20. f4 Qe6 21. c4
a4 22. Qc3 Qf6 23. Qxf6 Nxf6 24. e5 Rfe8 25. Rce2 dxe5 26. Rxe5 Reb8 27. R1e2
Rb4 28. Ne3 Kf8 29. a3 Rb3 30. Ng4 Nxg4 31. hxg4 Rab8 32. Re7 Rxb2 33. Rxb2
Rxb2 34. Rxc7 Rb3 35. Rxc6 Rxa3 36. Ra6 Ra1+ 37. Kh2 a3 38. c5 a2 39. g3 Rc1
40. Rxa2 Rxc5  1/2-1/2

[Event "M.Chigorin Memorial 2017 "]
[Site "?????-?????????"]
[Date "2017.10.27"]
[Round "7"]
[Board "3"]
[White "Gordievsky, Dmitry"]
[Black "Abdusattorov, Nodirbek"]
[Result "1-0"]
[WhiteElo "2605"]
[BlackElo "2498"]
[PlyCount "137"]
[EventDate "2017.10.21"]
[EventRounds "9"]
[EventCountry "RUS"]

1. c4 e6 2. Nc3 Nf6 3. e4 e5 4. Nf3 Nc6 5. d4 exd4 6. Nxd4 Bc5 7. Nxc6 dxc6 8.
Qxd8+ Kxd8 9. f3 Be6 10. Bf4 Nh5 11. O-O-O+ Ke7 12. Bxc7 Rac8 13. Be5 Rhd8 14.
Rxd8 Rxd8 15. Nd1 g5 16. g3 g4 17. f4 Nf6 18. f5 Nxe4 19. fxe6 Kxe6 20. Bc3
Rxd1+ 21. Kxd1 Nf2+ 22. Ke2 Nxh1 23. Be1 h5 24. Bg2 Nxg3+ 25. hxg3 f5 26. Bd2
Bd6 27. Kf2 a6 28. Be3 Kf7 29. Bf4 Bc5+ 30. Ke2 Ke6 31. Kd3 Bg1 32. b4 Bh2 33.
Ke3 Bg1+ 34. Ke2 Bh2 35. Kf2 h4 36. b5 axb5 37. cxb5 cxb5 38. Bxb7 b4 39. Ba6
Kf6 40. Bc8 Bxg3+ 41. Bxg3 hxg3+ 42. Kxg3 Ke5 43. Bd7 Ke4 44. Be6 Ke5 45. Bc8
Ke4 46. Kf2 Kf4 47. Ke2 Ke4 48. Kf2 Kf4 49. Bb7 Kg5 50. Ke3 f4+ 51. Ke4 g3 52.
Kd3 Kg4 53. Ke2 Kh3 54. Bf3 Kh2 55. Kf1 Kh3 56. Kg1 Kh4 57. Kg2 Kg5 58. Kf1 Kh4
59. Bg2 Kg5 60. Ke1 Kf5 61. Kd2 Kg5 62. Kd3 Kf5 63. Kd4 Kg5 64. Ke5 Kg4 65. Ke4
Kg5 66. Bf3 Kh4 67. Kxf4 Kh3 68. Ke3 g2 69. Bxg2+  1-0

[Event "M.Chigorin Memorial 2017 "]
[Site "?????-?????????"]
[Date "2017.10.27"]
[Round "7"]
[Board "4"]
[White "Sengupta, Deep"]
[Black "Sarana, Alexey"]
[Result "1/2-1/2"]
[WhiteElo "2587"]
[BlackElo "2543"]
[PlyCount "80"]
[EventDate "2017.10.21"]
[EventRounds "9"]
[EventCountry "RUS"]

1. e4 c5 2. Nf3 d6 3. d4 cxd4 4. Nxd4 Nf6 5. Nc3 a6 6. Be2 e5 7. Nb3 Be7 8. Be3
Be6 9. Qd3 O-O 10. O-O Nbd7 11. Nd5 Bxd5 12. exd5 Ne8 13. c4 Bg5 14. Bxg5 Qxg5
15. Na5 b6 16. Nc6 a5 17. Qa3 Rc8 18. b4 axb4 19. Qxb4 f5 20. a4 Rf7 21. a5
bxa5 22. Rxa5 e4 23. Kh1 f4 24. f3 e3 25. Rfa1 Qf6 26. Qb7 Rc7 27. Qb1 g6 28.
Ra8 Rf8 29. g3 Nc5 30. Rb8 Nd7 31. Rba8 Ng7 32. Qe4 Nc5 33. Qxf4 Qxa1+ 34. Rxa1
Rxf4 35. gxf4 Nf5 36. Kg1 Rb7 37. Ra8+ Kg7 38. Ra7 Rxa7 39. Nxa7 Kf6 40. Nb5 g5
 1/2-1/2

[Event "M.Chigorin Memorial 2017 "]
[Site "?????-?????????"]
[Date "2017.10.27"]
[Round "7"]
[Board "5"]
[White "Pridorozhni, Aleksei"]
[Black "Bellaiche, Anthony"]
[Result "1-0"]
[WhiteElo "2565"]
[BlackElo "2493"]
[PlyCount "81"]
[EventDate "2017.10.21"]
[EventRounds "9"]
[EventCountry "RUS"]

1. e4 c5 2. Nf3 e6 3. c3 d5 4. exd5 Qxd5 5. d4 Nf6 6. Be2 Nc6 7. O-O Be7 8. c4
Qd8 9. dxc5 Qxd1 10. Rxd1 Bxc5 11. Nc3 O-O 12. a3 e5 13. b4 Bd4 14. Nxd4 Nxd4
15. Bd3 Be6 16. Be3 Rfd8 17. Bxd4 Rxd4 18. Be2 Bxc4 19. Rxd4 exd4 20. Bxc4 dxc3
21. Rc1 Rc8 22. Rxc3 Kf8 23. Rc2 Ne4 24. Bd3 Rxc2 25. Bxc2 Nd2 26. Bd3 Ke7 27.
f4 Kd6 28. Bxh7 Kd5 29. h4 b5 30. h5 Nc4 31. g4 Nxa3 32. g5 Nc4 33. Bd3 Nd6 34.
h6 gxh6 35. gxh6 f5 36. h7 Nf7 37. Bxf5 Nh8 38. Kf2 Kc4 39. Ke3 Kxb4 40. Kd4
Ka3 41. Kd3  1-0

[Event "M.Chigorin Memorial 2017 "]
[Site "?????-?????????"]
[Date "2017.10.27"]
[Round "7"]
[Board "6"]
[White "Lomasov, Semen"]
[Black "Alekseenko, Kirill"]
[Result "0-1"]
[WhiteElo "2490"]
[BlackElo "2563"]
[PlyCount "76"]
[EventDate "2017.10.21"]
[EventRounds "9"]
[EventCountry "RUS"]

1. e4 c5 2. Nf3 Nc6 3. d4 cxd4 4. Nxd4 Nf6 5. Nc3 d6 6. Bg5 e6 7. Qd2 a6 8.
O-O-O Bd7 9. f4 Be7 10. Nf3 b5 11. Bxf6 gxf6 12. Kb1 Qb6 13. Bd3 b4 14. Ne2 a5
15. f5 Qc5 16. Rc1 Ne5 17. Ned4 Rb8 18. c4 a4 19. Rhd1 Nxf3 20. Nxf3 h5 21. Rf1
e5 22. g3 Bf8 23. Qe2 Bh6 24. Rcd1 Ke7 25. Nh4 Bc6 26. Rfe1 Rbg8 27. Ng2 Bg5
28. Rh1 Bb7 29. Ne1 h4 30. gxh4 Be3 31. Nc2 Bf4 32. b3 Ra8 33. Kb2 Qa7 34. Ra1
a3+ 35. Kb1 Rxh4 36. Ne1 Rg8 37. Kc2 Qd4 38. Rb1 Rh3  0-1

[Event "M.Chigorin Memorial 2017 "]
[Site "?????-?????????"]
[Date "2017.10.27"]
[Round "7"]
[Board "7"]
[White "Lugovskoy, Maxim"]
[Black "Vorobiov, Evgeny E."]
[Result "1/2-1/2"]
[WhiteElo "2474"]
[BlackElo "2555"]
[PlyCount "78"]
[EventDate "2017.10.21"]
[EventRounds "9"]
[EventCountry "RUS"]

1. e4 c5 2. c3 Nf6 3. e5 Nd5 4. d4 cxd4 5. cxd4 d6 6. Nf3 Nc6 7. Bc4 Nb6 8. Bb3
dxe5 9. d5 Na5 10. Nc3 Nxb3 11. Qxb3 e6 12. Nxe5 exd5 13. Be3 Bd6 14. Qb5+ Kf8
15. Nf3 Bd7 16. Qb3 Bc6 17. Rd1 h5 18. O-O h4 19. Nb5 h3 20. g3 Nc4 21. Nxd6
Qxd6 22. Bd4 f6 23. Qc2 Qd7 24. Qg6 Rh6 25. Qd3 Kf7 26. Rfe1 b6 27. Bc3 Re8 28.
Rxe8 Qxe8 29. Re1 Qc8 30. b3 Nd6 31. Nd4 Bd7 32. Bb4 Ne4 33. Nb5 Rh5 34. Nd4 a5
35. Ba3 Re5 36. Nf3 Rf5 37. Nh4 Re5 38. Nf3 Rf5 39. Nh4 Re5  1/2-1/2

[Event "M.Chigorin Memorial 2017 "]
[Site "?????-?????????"]
[Date "2017.10.27"]
[Round "7"]
[Board "8"]
[White "Timofeev, Artyom"]
[Black "Vokhidov, Shamsiddin"]
[Result "1/2-1/2"]
[WhiteElo "2549"]
[BlackElo "2399"]
[PlyCount "60"]
[EventDate "2017.10.21"]
[EventRounds "9"]
[EventCountry "RUS"]

1. d4 Nf6 2. Bg5 d5 3. e3 c5 4. c3 Nc6 5. Nd2 e5 6. dxe5 Nxe5 7. Ngf3 Nxf3+ 8.
Nxf3 Be7 9. Bb5+ Bd7 10. Bxd7+ Qxd7 11. Ne5 Qe6 12. Qa4+ Nd7 13. Bxe7 Qxe7 14.
Nxd7 Qxd7 15. Qf4 Qe6 16. O-O O-O 17. Rfd1 Rfd8 18. Rd2 Rd7 19. Rad1 Rad8 20.
h3 h6 21. a3 b6 22. Rd3 Qc6 23. R1d2 Qe6 24. Qa4 Qe7 25. Qd1 Qe6 26. b3 Qe5 27.
Qg4 Rd6 28. Qd1 R6d7 29. Qg4 Rd6 30. Qd1 R6d7  1/2-1/2

[Event "M.Chigorin Memorial 2017 "]
[Site "?????-?????????"]
[Date "2017.10.27"]
[Round "7"]
[Board "9"]
[White "Yakubboev, Nodirbek"]
[Black "Paravyan, David"]
[Result "0-1"]
[WhiteElo "2437"]
[BlackElo "2548"]
[PlyCount "66"]
[EventDate "2017.10.21"]
[EventRounds "9"]
[EventCountry "RUS"]

1. d4 Nf6 2. Bg5 c5 3. Bxf6 exf6 4. Nc3 d5 5. e3 Be6 6. Nge2 Nc6 7. g3 cxd4 8.
exd4 Bd6 9. Bg2 Ne7 10. Qd2 O-O 11. O-O Qb6 12. Nd1 Rac8 13. c3 Qc7 14. Nc1 b5
15. Nd3 a5 16. Ne3 f5 17. f4 Qb6 18. a3 a4 19. Nb4 Qb7 20. b3 Bxb4 21. axb4
axb3 22. Qb2 Qc6 23. Rfc1 Ra8 24. Qxb3 Rxa1 25. Rxa1 Rc8 26. Nd1 Qc7 27. Ra3 g5
28. Qa2 gxf4 29. Qf2 Ng6 30. Nb2 fxg3 31. hxg3 f4 32. g4 Qe7 33. Nd3 Qg5  0-1

[Event "M.Chigorin Memorial 2017 "]
[Site "?????-?????????"]
[Date "2017.10.27"]
[Round "7"]
[Board "10"]
[White "Gogin, Maksim"]
[Black "Sjugirov, Sanan"]
[Result "0-1"]
[WhiteElo "2296"]
[BlackElo "2650"]
[PlyCount "64"]
[EventDate "2017.10.21"]
[EventRounds "9"]
[EventCountry "RUS"]

1. d4 Nf6 2. Nf3 e6 3. c4 d5 4. Nc3 Bb4 5. Qb3 a5 6. Bg5 c5 7. dxc5 Na6 8. cxd5
Nxc5 9. Qc2 Qxd5 10. Bd2 Bxc3 11. Bxc3 Nce4 12. e3 Bd7 13. Bd4 a4 14. Bd3 Rc8
15. Qe2 Qa5+ 16. Kf1 Nc5 17. Bc3 Qb6 18. Ne5 Nxd3 19. Nxd7 Nxd7 20. Qxd3 Nc5
21. Qd4 f6 22. h4 O-O 23. h5 h6 24. Rh4 Rfd8 25. Qg4 e5 26. Qf5 a3 27. bxa3 Nd3
28. Bb4 Rc2 29. Be1 Qc6 30. Rd1 Rc1 31. Rxd3 Qa6 32. Ke2 Rxd3  0-1

[Event "M.Chigorin Memorial 2017 "]
[Site "?????-?????????"]
[Date "2017.10.27"]
[Round "7"]
[Board "11"]
[White "Volkov, Sergey"]
[Black "Kobo, Ori"]
[Result "1-0"]
[WhiteElo "2638"]
[BlackElo "2460"]
[PlyCount "105"]
[EventDate "2017.10.21"]
[EventRounds "9"]
[EventCountry "RUS"]

1. d4 Nf6 2. c4 e6 3. Nf3 Bb4+ 4. Nbd2 O-O 5. a3 Be7 6. e4 d6 7. Be2 a5 8. b3
e5 9. Bb2 exd4 10. Nxd4 Nfd7 11. Qc2 Bf6 12. O-O Re8 13. Rfe1 Nc5 14. Bf1 Bd7
15. Rad1 Nc6 16. N2f3 Nxd4 17. Bxd4 Bxd4 18. Nxd4 Qf6 19. f3 h5 20. Qf2 g6 21.
h4 Re7 22. Rd2 Rae8 23. Red1 Kh7 24. b4 axb4 25. axb4 Ne6 26. Ne2 Ra8 27. c5
Ba4 28. Rc1 dxc5 29. Nc3 Ree8 30. Nd5 Qg7 31. bxc5 Bc6 32. f4 Red8 33. f5 gxf5
34. Qxf5+ Qg6 35. Qe5 Nf8 36. Rf2 Nd7 37. Qxc7 Re8 38. Rc3 Rac8 39. Qf4 Rxe4
40. Qxe4 Qxe4 41. Bd3 Qxd3 42. Rxd3 Nxc5 43. Nf6+ Kh6 44. Rg3 Ne4 45. Nxe4 Bxe4
46. Rxf7 Rc6 47. Re7 Rc1+ 48. Kh2 Rc4 49. Re6+ Kh7 50. Rg5 Bc6 51. Rxh5+ Kg7
52. Rg5+ Kf7 53. Rh6  1-0

[Event "M.Chigorin Memorial 2017 "]
[Site "?????-?????????"]
[Date "2017.10.27"]
[Round "7"]
[Board "12"]
[White "Li, Yankai"]
[Black "Sethuraman, S.P."]
[Result "0-1"]
[WhiteElo "2455"]
[BlackElo "2632"]
[PlyCount "70"]
[EventDate "2017.10.21"]
[EventRounds "9"]
[EventCountry "RUS"]

1. d4 Nf6 2. c4 b6 3. Nc3 Bb7 4. Qc2 d5 5. cxd5 Nxd5 6. e4 Nxc3 7. bxc3 g6 8.
Nf3 Bg7 9. Bc4 O-O 10. O-O c5 11. d5 Qc7 12. Bg5 Ba6 13. Qe2 Bxc4 14. Qxc4 Re8
15. Rad1 e5 16. a4 Nd7 17. d6 Qc6 18. Be7 h6 19. Nh4 a6 20. Nxg6 b5 21. Qa2
Qxe4 22. Nh4 Bf6 23. Bxf6 Nxf6 24. Nf3 Qf5 25. axb5 axb5 26. Qd2 Kh7 27. Rfe1
e4 28. Qc2 Rad8 29. h3 Rg8 30. Re3 Rxg2+ 31. Kf1 Rg7 32. Nh2 Nd5 33. Rf3 Qe6
34. Ng4 Rxd6 35. Rxd5 Qxd5  0-1

[Event "M.Chigorin Memorial 2017 "]
[Site "?????-?????????"]
[Date "2017.10.27"]
[Round "7"]
[Board "13"]
[White "Alekseev, Evgeny"]
[Black "Dai, Changren"]
[Result "1/2-1/2"]
[WhiteElo "2622"]
[BlackElo "2425"]
[PlyCount "157"]
[EventDate "2017.10.21"]
[EventRounds "9"]
[EventCountry "RUS"]

1. e4 e5 2. Nf3 Nc6 3. Bc4 Bc5 4. O-O Nf6 5. d3 d6 6. c3 a5 7. Re1 O-O 8. h3
Be6 9. Bb5 Ne7 10. d4 Bb6 11. Nbd2 Ng6 12. Nf1 exd4 13. Nxd4 c6 14. Ba4 Re8 15.
Ng3 d5 16. Bg5 dxe4 17. Nxe4 Bxd4 18. cxd4 Bd5 19. Bxf6 gxf6 20. Bc2 f5 21. Nc3
Rxe1+ 22. Qxe1 Be6 23. Rd1 Qg5 24. Kh2 Nh4 25. Qf1 f4 26. Be4 Rd8 27. Qd3 Kh8
28. d5 cxd5 29. Nxd5 Qe5 30. Qc3 Qxc3 31. Nxc3 Rxd1 32. Nxd1 Bxa2 33. Nc3 Bc4
34. Bxb7 Kg7 35. Bd5 Bd3 36. Na4 Nf5 37. Nc5 Bb5 38. Nb3 a4 39. Nc5 Kf6 40.
Ne4+ Ke5 41. Nc3 Be8 42. Be4 h6 43. Bc2 Nd6 44. Bxa4 Bxa4 45. Nxa4 Kd4 46. Nc3
Nc4 47. Ne2+ Kd3 48. Nxf4+ Ke4 49. b3 Nd2 50. Kg3 Nxb3 51. Kg4 f5+ 52. Kg3 Ke5
53. Nh5 Nc5 54. Kf3 Ne6 55. Kg3 Nc5 56. f4+ Ke6 57. Kf3 Kf7 58. Ng3 Kf6 59. Ke3
Ne6 60. Ne2 h5 61. h4 Kg6 62. Kd3 Kf6 63. Kc4 Nf8 64. Kc5 Ng6 65. g3 Nf8 66.
Kc6 Ne6 67. Kd6 Nd8 68. Nd4 Nf7+ 69. Kd5 Nh6 70. Ne2 Ng4 71. Kd4 Ke6 72. Nc3
Nf2 73. Ke3 Ng4+ 74. Ke2 Nf6 75. Kd3 Ng4 76. Nb5 Nf2+ 77. Ke3 Ne4 78. Nd4+ Kf6
79. Ne2  1/2-1/2